000 01083nac a22002891i 4500
003 EG-ScBUE
005 20250311093132.0
008 250311t1969 enka f 001 0 eng d
020 _a0521074584
040 _aEG-ScBUE
_beng
_erda
_cEG-ScBUE
_dEG-ScBUE
082 0 4 _a530.12
_bZIM
_222
100 1 _aZiman, J. M.,
_eauthor.
245 1 0 _aElements of advanced quantum theory /
_cby J. M. Ziman, F.R.S. professor of theoretical physics in the University of Bristol.
264 1 _aLondon :
_bCambridge University Press,
_c[1969]
264 4 _cc1969
300 _axii, 269 pages :
_billustrations ;
_c24 cm
336 _2rdacontent
_atext
_btxt
337 _aunmediated
_2rdamedia
_bn
338 _avolume
_bnc
_2rdacarrier
500 _aIncludes index.
650 7 _aQuantum theory.
_2BUEsh
655 _vReading book
856 4 2 _3Publisher description
_uhttp://www.loc.gov/catdir/description/cam032/69016290.html
856 4 2 _3Table of contents
_uhttp://www.loc.gov/catdir/toc/cam032/69016290.html
942 _cBB
_2ddc
999 _c1747
_d1747